Five Most Populated States by Groups - Statistics

General Stats
  • This quiz has been taken 70 times
  • The average score is 35 of 40
Answer Stats
Hint Answer % Correct
Gained Statehood Since 1850 California
98%
Voted Differently in 2016 Than in 1988 California
98%
Closer to Arizona than Arkansas is** California
98%
Entirely South of 41st Parallel Florida
98%
Closer to Grenada than to Greenland Florida
98%
Voted For Trump Florida
98%
Drains into Mississippi* Texas
97%
Closer to Arizona than Arkansas is** Texas
97%
Entirely South of 41st Parallel Texas
97%
Closer to Grenada than to Greenland Texas
97%
Voted For Trump Texas
97%
Gained Statehood Since 1850 Colorado
95%
Closer to Arizona than Arkansas is** Colorado
95%
Drains into Mississippi* Ohio
95%
Voted For Trump Ohio
95%
Entirely South of 41st Parallel Georgia
92%
Closer to Grenada than to Greenland Georgia
92%
Drains into Mississippi* Illinois
89%
"Nation-locked"*** Illinois
89%
Gained Statehood Since 1850 Washington
89%
Closer to Arizona than Arkansas is** Washington
89%
Gained Statehood Since 1850 Arizona
88%
Drains into Mississippi* New York
88%
Drains into Mississippi* Pennsylvania
88%
Voted For Trump Pennsylvania
88%
"Nation-locked"*** Indiana
84%
Voted For Trump Michigan
84%
Closer to Arizona than Arkansas is** Missouri
84%
"Nation-locked"*** Missouri
84%
"Nation-locked"*** Tennessee
84%
Entirely South of 41st Parallel North Carolina
78%
Closer to Grenada than to Greenland North Carolina
78%
Gained Statehood Since 1850 Minnesota
75%
Voted Differently in 2016 Than in 1988 Virginia
75%
Entirely South of 41st Parallel Virginia
75%
Closer to Grenada than to Greenland Virginia
75%
Voted Differently in 2016 Than in 1988 Wisconsin
72%
"Nation-locked"*** Wisconsin
72%
Voted Differently in 2016 Than in 1988 Maryland
69%
Voted Differently in 2016 Than in 1988 New Jersey
67%
No matching quizzes found
Score Distribution
Percent of People with Each Score
Percentile by Number Answered
Your Score History
You have not taken this quiz